Normal view
MARC view
- Timmons, Jeffry A., author.
Entry Personal Name
001 - CONTROL NUMBER
- control field: 24614
003 - CONTROL NUMBER IDENTIFIER
- control field: OSt
005 - DATE AND TIME OF LATEST TRANSACTION
- control field: 20171208184740.0
008 - FIXED-LENGTH DATA ELEMENTS
- fixed length control field: 171208|| aca||aabn | a|a d
040 ## - CATALOGING SOURCE
- Original cataloging agency: OSt
100 ## - HEADING--PERSONAL NAME
- Personal name: Timmons, Jeffry A., author.
